[Event "VIII Miedzynarodowy Memorial Ferdynanda Dziedzica"]
[Site "Trzcianka"]
[Date "2018.10.14"]
[Round "4.1"]
[White "Chojnacki, Krzysztof"]
[Black "Moiseenko, Alexander"]
[Result "0-1"]
[BlackElo "2680"]
[WhiteElo "2341"]
[LiveChessVersion "1.4.8"]

1. d4 {[%clk 0:10:08]} Nf6 {[%clk 0:10:01]} 2. c4 {[%clk 0:10:11]} e6
{[%clk 0:10:05]} 3. Nc3 {[%clk 0:10:14]} Bb4 {[%clk 0:10:08]} 4. f3
{[%clk 0:10:08]} O-O {[%clk 0:09:26]} 5. a3 {[%clk 0:10:07]} Bxc3+
{[%clk 0:09:29]} 6. bxc3 {[%clk 0:10:11]} Nh5 {[%clk 0:09:32]} 7. Nh3
{[%clk 0:10:01]} f5 {[%clk 0:09:35]} 8. Bg5 {[%clk 0:09:35]} Qe8 {[%clk 0:09:16]}
9. e3 {[%clk 0:09:24]} d6 {[%clk 0:09:14]} 10. Bd3 {[%clk 0:09:24]} e5
{[%clk 0:08:54]} 11. O-O {[%clk 0:09:09]} h6 {[%clk 0:08:44]} 12. Bh4
{[%clk 0:09:13]} f4 {[%clk 0:08:39]} 13. Qc2 {[%clk 0:08:34]} Bxh3
{[%clk 0:06:49]} 14. Bg6 {[%clk 0:08:32]} Qd7 {[%clk 0:06:03]} 15. Bxh5
{[%clk 0:08:28]} Bf5 {[%clk 0:05:34]} 16. e4 {[%clk 0:08:31]} Be6
{[%clk 0:05:33]} 17. c5 {[%clk 0:08:05]} g5 {[%clk 0:04:41]} 18. Bf2
{[%clk 0:07:59]} Qe7 {[%clk 0:04:25]} 19. Qb2 {[%clk 0:06:44]} b6
{[%clk 0:03:58]} 20. d5 {[%clk 0:06:23]} Bf7 {[%clk 0:03:42]} 21. Bxf7+
{[%clk 0:06:23]} Rxf7 {[%clk 0:03:30]} 22. cxd6 {[%clk 0:06:01]} cxd6
{[%clk 0:03:33]} 23. a4 {[%clk 0:06:06]} Nd7 {[%clk 0:03:09]} 24. a5
{[%clk 0:06:10]} Rb8 {[%clk 0:03:04]} 25. c4 {[%clk 0:05:45]} h5 {[%clk 0:03:04]}
26. axb6 {[%clk 0:05:39]} axb6 {[%clk 0:03:08]} 27. Ra7 {[%clk 0:05:27]} g4
{[%clk 0:03:05]} 28. Qe2 {[%clk 0:05:09]} Rg7 {[%clk 0:03:03]} 29. Kh1
{[%clk 0:05:09]} Kh8 {[%clk 0:02:56]} 30. Rfa1 {[%clk 0:05:08]} Qg5
{[%clk 0:02:40]} 31. Ra8 {[%clk 0:04:54]} Rbg8 {[%clk 0:02:21]} 32. Rxg8+
{[%clk 0:04:34]} Rxg8 {[%clk 0:02:22]} 33. Ra7 {[%clk 0:04:37]} Nc5
{[%clk 0:01:57]} 34. Be1 {[%clk 0:02:09]} Nb3 {[%clk 0:01:18]} 35. Bf2
{[%clk 0:02:04]} gxf3 {[%clk 0:01:12]} 36. Qxf3 {[%clk 0:02:04]} Nd2
{[%clk 0:01:16]} 37. Qh3 {[%clk 0:02:05]} Nxe4 {[%clk 0:01:08]} 38. Bxb6
{[%clk 0:01:53]} Nf6 {[%clk 0:00:39]} 39. Bg1 {[%clk 0:01:46]} Qg4
{[%clk 0:00:20]} 40. Qxg4 {[%clk 0:01:46]} hxg4 {[%clk 0:00:24]} 41. Ra6
{[%clk 0:01:47]} Ne4 {[%clk 0:00:26]} 42. c5 {[%clk 0:01:27]} f3 {[%clk 0:00:12]}
43. Ra2 {[%clk 0:01:10]} dxc5 {[%clk 0:00:11]} 44. Be3 {[%clk 0:01:10]} Rd8
{[%clk 0:00:10]} 45. gxf3 {[%clk 0:01:09]} gxf3 {[%clk 0:00:13]} 46. Ra4
{[%clk 0:01:13]} Rxd5 {[%clk 0:00:13]} 47. h3 {[%clk 0:00:52]} Rd1+
{[%clk 0:00:11]} 48. Kh2 {[%clk 0:00:55]} f2 {[%clk 0:00:15]} 0-1

[Event "VIII Miedzynarodowy Memorial Ferdynanda Dziedzica"]
[Site "Trzcianka"]
[Date "2018.10.14"]
[Round "4.2"]
[White "Przybylski, Wojciech"]
[Black "Tomczak, Jacek"]
[Result "1-0"]
[BlackElo "2546"]
[WhiteElo "2321"]
[LiveChessVersion "1.4.8"]

1. e4 {[%clk 0:10:07]} c5 {[%clk 0:10:08]} 2. Nf3 {[%clk 0:10:09]} d6
{[%clk 0:10:11]} 3. Bb5+ {[%clk 0:10:11]} Nd7 {[%clk 0:10:10]} 4. a4
{[%clk 0:10:10]} Ngf6 {[%clk 0:10:08]} 5. Nc3 {[%clk 0:10:08]} e5
{[%clk 0:09:56]} 6. O-O {[%clk 0:10:04]} Be7 {[%clk 0:09:58]} 7. d3
{[%clk 0:09:41]} O-O {[%clk 0:09:59]} 8. a5 {[%clk 0:09:34]} Nb8 {[%clk 0:09:43]}
9. Nd2 {[%clk 0:08:45]} a6 {[%clk 0:09:38]} 10. Bc4 {[%clk 0:08:31]} Nc6
{[%clk 0:09:40]} 11. Nb3 {[%clk 0:08:32]} Be6 {[%clk 0:09:36]} 12. Bd5
{[%clk 0:07:27]} Bxd5 {[%clk 0:08:57]} 13. Nxd5 {[%clk 0:07:27]} Nxd5
{[%clk 0:08:59]} 14. exd5 {[%clk 0:07:30]} Nb4 {[%clk 0:08:56]} 15. c4
{[%clk 0:07:03]} Bg5 {[%clk 0:08:59]} 16. Bd2 {[%clk 0:06:19]} Bxd2
{[%clk 0:08:44]} 17. Qxd2 {[%clk 0:06:23]} Qh4 {[%clk 0:08:46]} 18. Rae1
{[%clk 0:06:06]} Rae8 {[%clk 0:08:49]} 19. g3 {[%clk 0:05:47]} Qh5
{[%clk 0:08:44]} 20. d4 {[%clk 0:02:11]} exd4 {[%clk 0:07:53]} 21. Nxd4
{[%clk 0:02:15]} Qg6 {[%clk 0:06:30]} 22. Rxe8 {[%clk 0:01:36]} Rxe8
{[%clk 0:06:34]} 23. Re1 {[%clk 0:01:40]} Rxe1+ {[%clk 0:06:11]} 24. Qxe1
{[%clk 0:01:44]} h6 {[%clk 0:06:15]} 25. Nf3 {[%clk 0:00:58]} Kf8
{[%clk 0:06:09]} 26. Qe2 {[%clk 0:00:40]} Qb1+ {[%clk 0:05:46]} 27. Kg2
{[%clk 0:00:44]} Nd3 {[%clk 0:05:50]} 28. Qe4 {[%clk 0:00:13]} Qc2
{[%clk 0:05:52]} 29. Qe3 {[%clk 0:00:11]} Qxc4 {[%clk 0:05:50]} 30. h4
{[%clk 0:00:07]} Qxd5 {[%clk 0:05:52]} 31. Kh2 {[%clk 0:00:10]} Nxb2
{[%clk 0:05:51]} 32. Ne1 {[%clk 0:00:07]} Nd1 {[%clk 0:05:31]} 33. Qe2
{[%clk 0:00:10]} Qd4 {[%clk 0:05:17]} 34. Kg1 {[%clk 0:00:13]} Nc3
{[%clk 0:05:17]} 35. Qb2 {[%clk 0:00:15]} Ne4 {[%clk 0:05:10]} 36. Qc2
{[%clk 0:00:10]} Nxg3 {[%clk 0:04:54]} 37. Nf3 {[%clk 0:00:13]} Qd5
{[%clk 0:04:56]} 38. Kg2 {[%clk 0:00:07]} Nf5 {[%clk 0:04:55]} 1-0

[Event "VIII Miedzynarodowy Memorial Ferdynanda Dziedzica"]
[Site "Trzcianka"]
[Date "2018.10.14"]
[Round "4.3"]
[White "Jaracz, Pawel"]
[Black "Teclaf, Pawel"]
[Result "1/2-1/2"]
[BlackElo "2298"]
[WhiteElo "2538"]
[LiveChessVersion "1.4.8"]

1. Nf3 {[%clk 0:10:09]} Nf6 {[%clk 0:10:06]} 2. c4 {[%clk 0:10:13]} g6
{[%clk 0:10:07]} 3. b4 {[%clk 0:10:16]} a5 {[%clk 0:09:19]} 4. b5
{[%clk 0:10:19]} Bg7 {[%clk 0:09:23]} 5. e3 {[%clk 0:10:09]} d5 {[%clk 0:09:13]}
6. d4 {[%clk 0:10:05]} c5 {[%clk 0:08:57]} 7. bxc6 {[%clk 0:10:06]} Nxc6
{[%clk 0:08:49]} 8. Bb2 {[%clk 0:09:26]} O-O {[%clk 0:08:38]} 9. Nbd2
{[%clk 0:09:21]} a4 {[%clk 0:08:07]} 10. a3 {[%clk 0:09:03]} Qa5 {[%clk 0:08:00]}
11. Qc1 {[%clk 0:08:26]} Be6 {[%clk 0:06:52]} 12. Bc3 {[%clk 0:08:10]} Qd8
{[%clk 0:06:33]} 13. Qb2 {[%clk 0:07:59]} dxc4 {[%clk 0:06:20]} 14. Bxc4
{[%clk 0:07:51]} Bxc4 {[%clk 0:06:08]} 15. Nxc4 {[%clk 0:07:54]} Rb8
{[%clk 0:05:41]} 16. Qb5 {[%clk 0:06:30]} Qd5 {[%clk 0:04:15]} 17. Rb1
{[%clk 0:06:32]} Na7 {[%clk 0:03:51]} 18. Qxd5 {[%clk 0:05:56]} Nxd5
{[%clk 0:03:54]} 19. Bd2 {[%clk 0:05:13]} Rfc8 {[%clk 0:03:17]} 20. Nb6
{[%clk 0:05:05]} Nxb6 {[%clk 0:03:21]} 21. Rxb6 {[%clk 0:05:09]} e6
{[%clk 0:03:01]} 22. Ke2 {[%clk 0:04:59]} Bf8 {[%clk 0:02:57]} 23. Ne5
{[%clk 0:04:52]} Rc7 {[%clk 0:02:30]} 24. Kd3 {[%clk 0:04:41]} Nc8
{[%clk 0:02:20]} 25. Rb5 {[%clk 0:04:00]} Bxa3 {[%clk 0:02:05]} 26. Ra1
{[%clk 0:04:00]} Bd6 {[%clk 0:02:01]} 27. Rxa4 {[%clk 0:03:46]} Bxe5
{[%clk 0:02:05]} 28. dxe5 {[%clk 0:03:35]} Ne7 {[%clk 0:01:51]} 29. Bc3
{[%clk 0:02:45]} Rd8+ {[%clk 0:01:39]} 30. Rd4 {[%clk 0:02:37]} Rxd4+
{[%clk 0:01:20]} 31. Bxd4 {[%clk 0:02:39]} Nc6 {[%clk 0:01:15]} 32. Bc3
{[%clk 0:02:36]} Kf8 {[%clk 0:00:57]} 33. f4 {[%clk 0:02:12]} Ke8
{[%clk 0:00:49]} 34. Rb1 {[%clk 0:02:11]} Kd7 {[%clk 0:00:46]} 35. e4
{[%clk 0:02:05]} Kc8 {[%clk 0:00:43]} 36. g4 {[%clk 0:01:52]} Rd7+
{[%clk 0:00:40]} 37. Kc4 {[%clk 0:01:49]} Rc7 {[%clk 0:00:39]} 38. Kd3
{[%clk 0:01:53]} Rd7+ {[%clk 0:00:44]} 39. Ke3 {[%clk 0:01:56]} Kc7
{[%clk 0:00:48]} 40. f5 {[%clk 0:01:59]} Re7 {[%clk 0:00:37]} 41. Kf4
{[%clk 0:02:00]} Rd7 {[%clk 0:00:41]} 42. Ke3 {[%clk 0:01:50]} Re7
{[%clk 0:00:43]} 43. Rb5 {[%clk 0:01:46]} b6 {[%clk 0:00:36]} 44. Kf4
{[%clk 0:01:41]} Rd7 {[%clk 0:00:39]} 45. Kg5 {[%clk 0:01:36]} Rd3
{[%clk 0:00:37]} 46. Be1 {[%clk 0:01:39]} Re3 {[%clk 0:00:28]} 47. Bf2
{[%clk 0:01:17]} Rxe4 {[%clk 0:00:32]} 48. Kf6 {[%clk 0:01:10]} gxf5
{[%clk 0:00:31]} 49. Kxf7 {[%clk 0:01:06]} Kd7 {[%clk 0:00:22]} 50. gxf5
{[%clk 0:01:10]} Nxe5+ {[%clk 0:00:25]} 51. Kg7 {[%clk 0:01:09]} exf5
{[%clk 0:00:28]} 52. Kxh7 {[%clk 0:01:09]} f4 {[%clk 0:00:21]} 53. Kg7
{[%clk 0:00:58]} Ng4 {[%clk 0:00:20]} 54. Bxb6 {[%clk 0:01:00]} Nxh2
{[%clk 0:00:22]} 55. Kf6 {[%clk 0:00:55]} f3 {[%clk 0:00:25]} 56. Kf5
{[%clk 0:00:58]} Re2 {[%clk 0:00:28]} 57. Kf4 {[%clk 0:00:54]} f2
{[%clk 0:00:31]} 58. Bxf2 {[%clk 0:00:56]} Rxf2+ {[%clk 0:00:35]} 59. Kg3
{[%clk 0:01:00]} Ra2 {[%clk 0:00:39]} 60. Rf5 {[%clk 0:01:02]} Ke6
{[%clk 0:00:40]} 61. Rf2 {[%clk 0:01:02]} Rxf2 {[%clk 0:00:44]} 1/2-1/2

[Event "VIII Miedzynarodowy Memorial Ferdynanda Dziedzica"]
[Site "Trzcianka"]
[Date "2018.10.14"]
[Round "4.4"]
[White "Jaroch, Karol"]
[Black "Krasenkow, Michal"]
[Result "0-1"]
[BlackElo "2524"]
[WhiteElo "2285"]
[LiveChessVersion "1.4.8"]

1. c4 {[%clk 0:10:09]} e5 {[%clk 0:10:09]} 2. Nc3 {[%clk 0:10:13]} d6
{[%clk 0:10:13]} 3. g3 {[%clk 0:10:16]} g6 {[%clk 0:10:17]} 4. Bg2
{[%clk 0:10:20]} Bg7 {[%clk 0:10:22]} 5. e3 {[%clk 0:10:24]} Nf6 {[%clk 0:10:07]}
6. Nge2 {[%clk 0:10:26]} O-O {[%clk 0:10:09]} 7. b3 {[%clk 0:10:27]} c6
{[%clk 0:10:11]} 8. d4 {[%clk 0:10:28]} Nbd7 {[%clk 0:10:08]} 9. O-O
{[%clk 0:10:30]} Re8 {[%clk 0:10:11]} 10. Bb2 {[%clk 0:10:33]} e4
{[%clk 0:10:12]} 11. Ba3 {[%clk 0:10:22]} d5 {[%clk 0:10:09]} 12. cxd5
{[%clk 0:10:23]} cxd5 {[%clk 0:10:13]} 13. Qd2 {[%clk 0:09:31]} a6
{[%clk 0:10:09]} 14. Na4 {[%clk 0:09:30]} Nf8 {[%clk 0:09:52]} 15. Rac1
{[%clk 0:07:56]} Ne6 {[%clk 0:09:55]} 16. Nc5 {[%clk 0:07:54]} Ng5
{[%clk 0:09:53]} 17. Qd1 {[%clk 0:06:10]} b6 {[%clk 0:09:02]} 18. Na4
{[%clk 0:06:14]} Bg4 {[%clk 0:09:06]} 19. Kh1 {[%clk 0:05:19]} Rb8
{[%clk 0:08:32]} 20. Qc2 {[%clk 0:05:10]} Qd7 {[%clk 0:08:34]} 21. Ng1
{[%clk 0:05:10]} Nf3 {[%clk 0:08:19]} 22. Qc6 {[%clk 0:05:00]} Qf5
{[%clk 0:08:21]} 23. h3 {[%clk 0:01:21]} Qh5 {[%clk 0:07:57]} 24. Qd6
{[%clk 0:00:26]} Nxg1 {[%clk 0:07:48]} 25. Kxg1 {[%clk 0:00:30]} Bxh3
{[%clk 0:07:49]} 26. Qf4 {[%clk 0:00:29]} Ng4 {[%clk 0:07:26]} 27. Rc7
{[%clk 0:00:32]} f5 {[%clk 0:04:44]} 28. Rxg7+ {[%clk 0:00:30]} Kxg7
{[%clk 0:04:47]} 29. Rc1 {[%clk 0:00:33]} Bxg2 {[%clk 0:03:57]} 30. Rc7+
{[%clk 0:00:34]} Kh8 {[%clk 0:03:41]} 31. Kxg2 {[%clk 0:00:36]} Qh2+
{[%clk 0:03:36]} 32. Kf1 {[%clk 0:00:40]} Rbc8 {[%clk 0:03:35]} 33. Rxc8
{[%clk 0:00:34]} Rxc8 {[%clk 0:03:39]} 34. Nc3 {[%clk 0:00:23]} Qxf2+
{[%clk 0:02:37]} 35. Qxf2 {[%clk 0:00:25]} Nxf2 {[%clk 0:02:41]} 36. Nxd5
{[%clk 0:00:28]} Rc2 {[%clk 0:02:42]} 37. Nb4 {[%clk 0:00:23]} Rc8
{[%clk 0:02:25]} 38. Kxf2 a5 39. Nd5 {[%clk 0:00:23]} Rc2+ {[%clk 0:02:34]} 40.
Kf1 {[%clk 0:00:26]} b5 {[%clk 0:02:34]} 41. Bd6 {[%clk 0:00:26]} Rxa2
{[%clk 0:02:35]} 42. Be5+ {[%clk 0:00:19]} Kg8 {[%clk 0:02:39]} 43. Nc7
{[%clk 0:00:15]} a4 {[%clk 0:02:21]} 44. bxa4 {[%clk 0:00:19]} bxa4
{[%clk 0:02:26]} 45. d5 {[%clk 0:00:12]} Rd2 {[%clk 0:02:23]} 46. Ke1
{[%clk 0:00:16]} Rd3 {[%clk 0:02:25]} 47. Bd6 {[%clk 0:00:20]} a3
{[%clk 0:02:26]} 48. Ke2 {[%clk 0:00:22]} a2 {[%clk 0:02:26]} 49. Be5
{[%clk 0:00:26]} Kf7 {[%clk 0:02:25]} 50. Kf2 {[%clk 0:00:30]} Rd1
{[%clk 0:02:29]} 51. Ne6 {[%clk 0:00:30]} Rxd5 {[%clk 0:02:28]} 52. Ng5+
{[%clk 0:00:34]} Ke7 {[%clk 0:02:32]} 53. Bh8 {[%clk 0:00:36]} h6
{[%clk 0:02:31]} 0-1

[Event "VIII Miedzynarodowy Memorial Ferdynanda Dziedzica"]
[Site "Trzcianka"]
[Date "2018.10.14"]
[Round "4.5"]
[White "Kantans, Toms"]
[Black "Mazurkiewicz, Michal"]
[Result "1-0"]
[BlackElo "2213"]
[WhiteElo "2513"]
[LiveChessVersion "1.4.8"]

1. e4 {[%clk 0:10:07]} d6 {[%clk 0:10:09]} 2. d4 {[%clk 0:10:10]} Nf6
{[%clk 0:10:13]} 3. Nc3 {[%clk 0:10:14]} c6 {[%clk 0:10:16]} 4. f4
{[%clk 0:10:07]} Qa5 {[%clk 0:10:18]} 5. Bd3 {[%clk 0:10:09]} e5 {[%clk 0:10:21]}
6. Nf3 {[%clk 0:09:36]} Bg4 {[%clk 0:10:24]} 7. Be3 {[%clk 0:09:12]} Nbd7
{[%clk 0:10:27]} 8. h3 {[%clk 0:08:56]} Bxf3 {[%clk 0:10:31]} 9. Qxf3
{[%clk 0:08:59]} Be7 {[%clk 0:10:34]} 10. O-O-O {[%clk 0:08:49]} O-O-O
{[%clk 0:10:28]} 11. Kb1 {[%clk 0:08:52]} Kb8 {[%clk 0:10:09]} 12. g4
{[%clk 0:08:55]} Rhf8 {[%clk 0:07:39]} 13. Bc4 {[%clk 0:07:41]} Ka8
{[%clk 0:05:50]} 14. Rh2 {[%clk 0:07:14]} Nb6 {[%clk 0:01:30]} 15. Bb3
{[%clk 0:07:04]} exf4 {[%clk 0:01:25]} 16. Bxf4 {[%clk 0:06:52]} d5
{[%clk 0:01:22]} 17. e5 {[%clk 0:05:58]} Ne8 {[%clk 0:01:20]} 18. Qd3
{[%clk 0:05:40]} g6 {[%clk 0:01:06]} 19. Bh6 {[%clk 0:05:26]} Rg8
{[%clk 0:01:02]} 20. Rf2 {[%clk 0:05:29]} f6 {[%clk 0:00:54]} 21. exf6
{[%clk 0:04:34]} Bxf6 {[%clk 0:00:50]} 22. Re1 {[%clk 0:04:10]} Nc4
{[%clk 0:00:43]} 23. Bxc4 {[%clk 0:03:29]} dxc4 {[%clk 0:00:46]} 24. Qxc4
{[%clk 0:03:32]} Nd6 {[%clk 0:00:35]} 25. Qd3 {[%clk 0:03:17]} Bh8
{[%clk 0:00:10]} 26. Re7 {[%clk 0:01:28]} Nb5 {[%clk 0:00:07]} 27. Nxb5
{[%clk 0:01:25]} cxb5 {[%clk 0:00:08]} 28. Qe4 {[%clk 0:00:30]} Qb6
{[%clk 0:00:07]} 29. c3 {[%clk 0:00:31]} b4 {[%clk 0:00:11]} 30. Rff7
{[%clk 0:00:30]} bxc3 {[%clk 0:00:13]} 31. Rxb7 {[%clk 0:00:29]} c2+
{[%clk 0:00:14]} 32. Kxc2 {[%clk 0:00:26]} Rc8+ 1-0

[Event "VIII Miedzynarodowy Memorial Ferdynanda Dziedzica"]
[Site "Trzcianka"]
[Date "2018.10.14"]
[Round "4.6"]
[White "Jedryczka, Krystian"]
[Black "Tomczak, Mikolaj"]
[Result "0-1"]
[BlackElo "2448"]
[WhiteElo "2200"]
[LiveChessVersion "1.4.8"]

1. e4 {[%clk 0:10:07]} c5 {[%clk 0:10:08]} 2. Nf3 {[%clk 0:10:08]} d6
{[%clk 0:10:12]} 3. b3 {[%clk 0:10:10]} Nf6 {[%clk 0:10:13]} 4. d3
{[%clk 0:09:20]} g6 {[%clk 0:10:14]} 5. Bb2 {[%clk 0:09:24]} Bg7 {[%clk 0:10:18]}
6. h3 {[%clk 0:09:11]} Nc6 {[%clk 0:10:17]} 7. c4 {[%clk 0:09:05]} O-O
{[%clk 0:10:16]} 8. Nc3 {[%clk 0:08:59]} a6 {[%clk 0:10:15]} 9. Be2
{[%clk 0:09:02]} b5 {[%clk 0:10:18]} 10. Rb1 {[%clk 0:08:39]} Nd4
{[%clk 0:10:07]} 11. O-O {[%clk 0:08:29]} e5 {[%clk 0:09:13]} 12. Re1
{[%clk 0:08:17]} Nxe2+ {[%clk 0:08:52]} 13. Nxe2 {[%clk 0:08:01]} Nh5
{[%clk 0:08:51]} 14. Bc1 {[%clk 0:07:50]} f5 {[%clk 0:08:33]} 15. Bg5
{[%clk 0:06:08]} Qe8 {[%clk 0:08:19]} 16. Qd2 {[%clk 0:05:41]} f4
{[%clk 0:08:10]} 17. cxb5 {[%clk 0:04:54]} h6 {[%clk 0:08:04]} 18. b6
{[%clk 0:04:00]} hxg5 {[%clk 0:08:02]} 19. Nxg5 {[%clk 0:04:04]} Bf6
{[%clk 0:07:13]} 20. Nf3 {[%clk 0:04:08]} Bd8 {[%clk 0:07:09]} 21. Nc3
{[%clk 0:03:46]} Bxb6 {[%clk 0:07:08]} 22. Nd5 {[%clk 0:03:50]} Qd8
{[%clk 0:06:50]} 23. b4 {[%clk 0:03:54]} Be6 {[%clk 0:06:51]} 24. bxc5
{[%clk 0:03:49]} Bxc5 {[%clk 0:06:54]} 25. d4 {[%clk 0:03:45]} exd4
{[%clk 0:06:52]} 26. Rb7 {[%clk 0:03:19]} Ra7 {[%clk 0:06:35]} 27. Ne7+
{[%clk 0:03:17]} Qxe7 {[%clk 0:06:20]} 28. Rxe7 {[%clk 0:03:21]} Rxe7
{[%clk 0:06:23]} 29. Nxd4 {[%clk 0:03:17]} Bf7 {[%clk 0:06:11]} 30. e5
{[%clk 0:02:39]} dxe5 {[%clk 0:05:04]} 31. Nc6 {[%clk 0:02:43]} Re6
{[%clk 0:05:08]} 32. Qd7 {[%clk 0:02:16]} Rfe8 {[%clk 0:04:52]} 33. Qd5
{[%clk 0:01:42]} Bb6 {[%clk 0:04:38]} 34. Qe4 {[%clk 0:01:20]} Nf6 35. Qa4 Kg7
{[%clk 0:03:52]} 36. Rb1 {[%clk 0:01:23]} Bc5 {[%clk 0:03:32]} 37. Rc1
{[%clk 0:01:18]} Bf8 {[%clk 0:03:22]} 38. Qxa6 {[%clk 0:01:21]} e4
{[%clk 0:03:22]} 39. Qe2 {[%clk 0:00:57]} Rc8 {[%clk 0:03:10]} 40. Qa6
{[%clk 0:00:53]} Rc7 {[%clk 0:02:58]} 41. Qb6 {[%clk 0:00:50]} Ne8
{[%clk 0:02:42]} 42. Qd4+ {[%clk 0:00:54]} Kg8 {[%clk 0:02:44]} 43. Qb6
{[%clk 0:00:42]} e3 {[%clk 0:02:42]} 44. fxe3 {[%clk 0:00:46]} fxe3
{[%clk 0:02:46]} 45. Ne7+ {[%clk 0:00:15]} Rcxe7 {[%clk 0:02:42]} 46. Re1
{[%clk 0:00:19]} Rxb6 {[%clk 0:02:46]} 0-1

[Event "VIII Miedzynarodowy Memorial Ferdynanda Dziedzica"]
[Site "Trzcianka"]
[Date "2018.10.14"]
[Round "4.7"]
[White "Jedynak, Radoslaw"]
[Black "Zolnierowicz, Krzysztof"]
[Result "1-0"]
[BlackElo "2119"]
[WhiteElo "2424"]
[LiveChessVersion "1.4.8"]

1. Nf3 {[%clk 0:10:07]} d5 {[%clk 0:09:44]} 2. b3 {[%clk 0:10:09]} c5
{[%clk 0:09:33]} 3. Bb2 {[%clk 0:10:12]} Nc6 {[%clk 0:09:36]} 4. e3
{[%clk 0:10:15]} Nf6 {[%clk 0:09:33]} 5. Bb5 {[%clk 0:10:11]} Bd7
{[%clk 0:09:36]} 6. Bxc6 {[%clk 0:09:55]} Bxc6 {[%clk 0:09:38]} 7. Ne5
{[%clk 0:09:59]} Rc8 {[%clk 0:09:37]} 8. d3 {[%clk 0:10:01]} e6 {[%clk 0:09:41]}
9. Nd2 {[%clk 0:10:04]} Bd6 {[%clk 0:09:43]} 10. O-O {[%clk 0:09:55]} O-O
{[%clk 0:09:44]} 11. Nxc6 {[%clk 0:09:55]} Rxc6 {[%clk 0:09:47]} 12. Qe2
{[%clk 0:09:53]} e5 {[%clk 0:09:29]} 13. e4 {[%clk 0:09:49]} Re8 {[%clk 0:09:24]}
14. a4 {[%clk 0:09:38]} b6 {[%clk 0:09:12]} 15. h3 {[%clk 0:09:31]} a6
{[%clk 0:09:15]} 16. Qf3 {[%clk 0:09:22]} Bb8 {[%clk 0:09:02]} 17. Rfe1
{[%clk 0:09:21]} d4 {[%clk 0:08:43]} 18. Nf1 {[%clk 0:09:11]} b5 {[%clk 0:08:46]}
19. axb5 {[%clk 0:09:02]} axb5 {[%clk 0:08:50]} 20. Ra8 {[%clk 0:08:35]} c4
{[%clk 0:08:16]} 21. Rea1 {[%clk 0:08:38]} cxb3 {[%clk 0:08:08]} 22. cxb3
{[%clk 0:08:42]} Rc2 {[%clk 0:08:01]} 23. Bc1 {[%clk 0:08:19]} Nd7
{[%clk 0:07:47]} 24. Ng3 {[%clk 0:07:41]} Qc8 {[%clk 0:06:27]} 25. Ba3
{[%clk 0:07:21]} Nb6 {[%clk 0:05:24]} 26. Ra5 {[%clk 0:07:07]} Qc3
{[%clk 0:05:27]} 27. Be7 {[%clk 0:05:33]} Rxe7 {[%clk 0:05:00]} 28. Nf5
{[%clk 0:05:37]} Re6 {[%clk 0:04:34]} 29. Kh2 {[%clk 0:04:34]} Qd2
{[%clk 0:04:20]} 30. Rxb5 {[%clk 0:04:28]} g6 {[%clk 0:03:43]} 31. Ra8
{[%clk 0:04:10]} Rc8 {[%clk 0:03:03]} 32. Rxb6 {[%clk 0:02:53]} Rxb6
{[%clk 0:02:23]} 33. Ne7+ {[%clk 0:02:57]} Kg7 {[%clk 0:02:23]} 34. Nxc8
{[%clk 0:03:00]} Rxb3 {[%clk 0:02:26]} 35. Ne7 {[%clk 0:03:01]} Rxd3
{[%clk 0:02:16]} 36. Qg4 {[%clk 0:02:51]} Qxf2 {[%clk 0:01:43]} 37. Rxb8
{[%clk 0:02:45]} h5 {[%clk 0:01:44]} 38. Qg5 {[%clk 0:02:11]} Qf4+
{[%clk 0:01:12]} 39. Qxf4 {[%clk 0:02:15]} exf4 {[%clk 0:01:15]} 40. Rd8
{[%clk 0:02:05]} Rd2 {[%clk 0:01:06]} 41. Kg1 {[%clk 0:02:04]} Kf6
{[%clk 0:00:54]} 42. Nd5+ {[%clk 0:02:06]} Kg5 {[%clk 0:00:58]} 43. Rd7
{[%clk 0:01:35]} Kh4 {[%clk 0:00:31]} 44. Nxf4 {[%clk 0:01:00]} Kg3
{[%clk 0:00:29]} 45. Rxd4 {[%clk 0:00:59]} Rb2 {[%clk 0:00:15]} 46. Nxh5+
{[%clk 0:00:52]} gxh5 {[%clk 0:00:15]} 47. Rd3+ {[%clk 0:00:56]} Kf4
{[%clk 0:00:19]} 48. Rf3+ {[%clk 0:01:00]} Kxe4 {[%clk 0:00:19]} 49. Rxf7
{[%clk 0:01:04]} Rb5 {[%clk 0:00:10]} 50. Kh2 {[%clk 0:01:07]} Rg5
{[%clk 0:00:13]} 51. Rf3 {[%clk 0:01:05]} Ke5 {[%clk 0:00:14]} 52. h4
{[%clk 0:00:48]} Rg4 {[%clk 0:00:17]} 53. Kh3 {[%clk 0:00:53]} Ke6
{[%clk 0:00:21]} 54. Rg3 {[%clk 0:00:54]} Rf4 {[%clk 0:00:14]} 55. Rg6+
{[%clk 0:00:52]} Kf7 {[%clk 0:00:15]} 56. Rg5 {[%clk 0:00:55]} 1-0

[Event "VIII Miedzynarodowy Memorial Ferdynanda Dziedzica"]
[Site "Trzcianka"]
[Date "2018.10.14"]
[Round "4.8"]
[White "Walkusz, Witoslaw"]
[Black "Czerwonski, Aleksander"]
[Result "0-1"]
[BlackElo "2358"]
[WhiteElo "1984"]
[LiveChessVersion "1.4.8"]

1. e4 {[%clk 0:10:09]} d6 {[%clk 0:10:08]} 2. d4 {[%clk 0:10:12]} Nf6
{[%clk 0:10:12]} 3. Nc3 {[%clk 0:10:16]} g6 {[%clk 0:10:16]} 4. Nf3
{[%clk 0:10:19]} Bg7 {[%clk 0:10:19]} 5. Be2 {[%clk 0:10:22]} O-O
{[%clk 0:10:22]} 6. O-O {[%clk 0:10:24]} Nc6 {[%clk 0:10:26]} 7. Re1
{[%clk 0:10:20]} Bg4 {[%clk 0:10:20]} 8. h3 {[%clk 0:10:18]} Bxf3
{[%clk 0:10:23]} 9. Bxf3 {[%clk 0:10:21]} e5 {[%clk 0:10:26]} 10. Ne2
{[%clk 0:09:12]} Re8 {[%clk 0:09:14]} 11. c3 {[%clk 0:09:00]} exd4
{[%clk 0:08:45]} 12. Nxd4 {[%clk 0:08:48]} Ne5 {[%clk 0:08:48]} 13. Bg5
{[%clk 0:08:22]} c5 {[%clk 0:08:11]} 14. Nc2 {[%clk 0:07:04]} Qb6
{[%clk 0:07:42]} 15. Rb1 {[%clk 0:06:08]} Qc6 {[%clk 0:06:59]} 16. Bxf6
{[%clk 0:05:15]} Bxf6 {[%clk 0:07:02]} 17. Ne3 {[%clk 0:05:16]} Nxf3+
{[%clk 0:05:34]} 18. Qxf3 {[%clk 0:05:17]} Bg7 {[%clk 0:05:24]} 19. Nd5
{[%clk 0:05:18]} Re5 {[%clk 0:05:27]} 20. Qd3 {[%clk 0:04:41]} Rae8
{[%clk 0:05:12]} 21. Kf1 {[%clk 0:03:31]} Qa4 {[%clk 0:03:53]} 22. b3
{[%clk 0:01:58]} Qc6 {[%clk 0:03:55]} 23. c4 {[%clk 0:01:53]} R5e6
{[%clk 0:03:42]} 24. Rbd1 {[%clk 0:01:48]} a6 {[%clk 0:03:42]} 25. f3
{[%clk 0:01:34]} Bd4 {[%clk 0:03:36]} 26. Nf4 {[%clk 0:01:32]} R6e7
{[%clk 0:03:26]} 27. Ne2 {[%clk 0:01:02]} Be5 {[%clk 0:03:30]} 28. Qd5
{[%clk 0:00:33]} Qc7 {[%clk 0:03:24]} 29. f4 {[%clk 0:00:23]} Bg7
{[%clk 0:03:21]} 30. Ng3 {[%clk 0:00:25]} Qa5 {[%clk 0:03:06]} 31. Re2
{[%clk 0:00:19]} Qc3 {[%clk 0:02:51]} 32. Rd3 {[%clk 0:00:16]} Qc1+
{[%clk 0:02:53]} 33. Kf2 {[%clk 0:00:18]} Qxf4+ {[%clk 0:02:53]} 34. Rf3
{[%clk 0:00:21]} Bd4+ {[%clk 0:02:45]} 35. Qxd4 {[%clk 0:00:22]} Qxf3+
{[%clk 0:02:46]} 36. gxf3 {[%clk 0:00:25]} cxd4 {[%clk 0:02:50]} 37. Rd2
{[%clk 0:00:30]} b5 {[%clk 0:02:25]} 38. cxb5 {[%clk 0:00:29]} axb5
{[%clk 0:02:29]} 39. Rxd4 {[%clk 0:00:32]} Ra7 {[%clk 0:02:32]} 40. a4
{[%clk 0:00:32]} bxa4 {[%clk 0:02:34]} 41. bxa4 {[%clk 0:00:36]} Rea8
{[%clk 0:02:36]} 42. Ne2 {[%clk 0:00:34]} Rxa4 {[%clk 0:02:37]} 43. Rxd6
{[%clk 0:00:34]} Ra2 {[%clk 0:02:40]} 44. Ke3 {[%clk 0:00:38]} R8a3+
{[%clk 0:02:41]} 45. Rd3 {[%clk 0:00:43]} Kg7 {[%clk 0:02:31]} 46. Rxa3
{[%clk 0:00:46]} Rxa3+ {[%clk 0:02:35]} 47. Kf4 {[%clk 0:00:49]} f6
{[%clk 0:02:31]} 48. Nd4 {[%clk 0:00:48]} Kf7 {[%clk 0:02:31]} 49. e5
{[%clk 0:00:39]} Ra4 {[%clk 0:02:13]} 50. Ke4 {[%clk 0:00:39]} f5+
{[%clk 0:02:11]} 51. Kd5 {[%clk 0:00:39]} Ra1 {[%clk 0:02:00]} 52. f4
{[%clk 0:00:17]} Rd1 {[%clk 0:01:58]} 53. Kc5 0-1